[Event "1st Qinhuangdao Open"]
[Site "Qinhuangdao CHN"]
[Date "2011.10.06"]
[Round "8"]
[White "Yu Yangyi"]
[Black "Le Quang Liem"]
[Result "0-1"]
[WhiteElo "2646"]
[BlackElo "2717"]

1.e4 c5 2.Nf3 d6 3.d4 cxd4 4.Nxd4 Nf6 5.Nc3 a6 6.Bg5 Nbd7 7.f4 Qc7 8.Qe2 e5
9.Nf5 h6 10.Bxf6 Nxf6 11.fxe5 dxe5 12.O-O-O Bb4 13.Nxg7+ Kf8 14.Qf3 Qc6 15.Nd5 Kxg7
16.Qg3+ Ng4 17.h3 Qg6 18.Nxb4 Qg5+ 19.Rd2 Nf6 20.Qf3 Rd8 21.Nd3 h5 22.Be2 Rd4
23.h4 Qh6 24.Qg3+ Bg4 25.Qxe5 Rxe4 26.Qg5+ Qxg5 27.hxg5 Rxe2 28.gxf6+ Kxf6
29.Rf1+ Kg7 30.Rxe2 Bxe2 31.Re1 Bg4 32.Kd2 Kf6 33.c4 Bf5 34.Nf4 Kg5 35.Nd5 Rd8
36.Re7 b5 37.b3 Be6 38.Ke3 bxc4 39.bxc4 h4 40.Ra7 Kg4 41.Kf2 Rd6 42.Rb7 Rc6
43.Rb3 Kg5 44.Rb4 Rc5 45.Ne3 Kf4 46.Rb6 Ra5 47.Rb2 Ke4 48.Rd2 Ra4 49.Rc2 Ra3
50.Nd5 Kd4 51.Nb4 Bxc4 52.Nc6+ Kd5  0-1

[Event "1st Qinhuangdao Open"]
[Site "Qinhuangdao CHN"]
[Date "2011.10.07"]
[Round "9"]
[White "Le Quang Liem"]
[Black "Zhou Weiqi"]
[Result "0-1"]
[WhiteElo "2717"]
[BlackElo "2598"]

1.Nf3 Nf6 2.c4 e6 3.g3 d5 4.d4 dxc4 5.Bg2 Bb4+ 6.Bd2 c5 7.Qc1 O-O 8.dxc5 Bxc5
9.Qxc4 Nbd7 10.Nc3 a6 11.Qh4 Ra7 12.Na4 Be7 13.Qd4 Ra8 14.Nc3 Bc5 15.Qd3 Qe7
16.O-O b5 17.Ng5 Ra7 18.Bf4 h6 19.Nge4 e5 20.Be3 Bxe3 21.Qxe3 Rc7 22.Rfd1 Bb7
23.Rac1 b4 24.Na4 Rxc1 25.Rxc1 Bxe4 26.Bxe4 Nxe4 27.Qxe4 Nf6 28.Qc6 a5 29.Rc5 e4
30.e3 Qd8 31.Kg2 Qd1 32.Rf5 Rd8 33.Nc5 Qc1 34.Rxf6 gxf6 35.Qxf6 Rc8 36.Nxe4 Qc6
37.Qf4 Re8 38.f3 Re6 39.Kh3 Kg7 40.g4 Qd5 41.Ng3 Qe5 42.Qc4 Kg8 43.e4 Qxb2
44.Qc8+ Kh7 45.Qc7 Rf6 46.f4 Qc3 47.Qb8 a4 48.f5 b3 49.axb3 Qxb3 50.Qa7 Rb6
51.e5 a3 52.e6 Rb7 53.Qa8 fxe6 54.fxe6 a2 55.Qa6 Re7 56.Qa5 Qxe6 57.Nf5 Rd7
58.Qa3 h5  0-1

[Event "Sportaccord WMG Rapid"]
[Site "Beijing CHN"]
[Date "2011.12.09"]
[Round "1"]
[White "Karjakin,Sergey"]
[Black "Le Quang Liem"]
[Result "1-0"]
[WhiteElo "2763"]
[BlackElo "2714"]

1.e4 c6 2.d4 d5 3.e5 Bf5 4.Nf3 e6 5.Be2 c5 6.Be3 cxd4 7.Nxd4 Ne7 8.Nd2 Nbc6
9.N2f3 Bg4 10.O-O g6 11.h3 Bxf3 12.Nxf3 Bg7 13.Bf4 Qc7 14.Re1 O-O 15.Bf1 Rac8
16.c3 Na5 17.Bd3 Nc4 18.Qe2 a6 19.h4 h6 20.Rac1 b5 21.Bb1 Nb6 22.h5 Nd7 23.Qd2 Kh7
24.Nd4 Nc5 25.hxg6+ Nxg6 26.Bg3 Ne4 27.Bxe4 dxe4 28.Rxe4 Rfd8 29.f4 Qc4 30.a3 Rd7
31.Qf2 Ne7 32.Rce1 Qd3 33.Bh4 Nf5 34.Nxf5 exf5 35.Rd4 Rxd4 36.Qxd4 Qc2 37.Qd7 Rc4
38.e6 Rxf4 39.e7 Rg4 40.Bf2 Rf4 41.Qa7 Re4 42.e8=Q Rxe8 43.Rxe8  1-0

[Event "Sportaccord WMG Rapid"]
[Site "Beijing CHN"]
[Date "2011.12.10"]
[Round "3"]
[White "Almasi,Z"]
[Black "Le Quang Liem"]
[Result "1/2-1/2"]
[WhiteElo "2707"]
[BlackElo "2714"]

1.c4 Nf6 2.Nf3 c6 3.d4 d5 4.Qc2 dxc4 5.Qxc4 Bg4 6.Nc3 Nbd7 7.e4 Bxf3 8.gxf3 e5
9.Be3 exd4 10.Bxd4 Bd6 11.O-O-O Qc7 12.Rg1 O-O 13.Bh3 Ne5 14.Qe2 Nh5 15.Be3 Ng6
16.Bf5 Rad8 17.h4 Nhf4 18.Qc2 Be5 19.Bxg6 hxg6 20.Ne2 Nxe2+ 21.Qxe2 c5 22.Qc4 Qb6
23.Qc2 Qf6 24.Qe2 Qxh4 25.Kb1 Qe7 26.f4 Bd4 27.Bxd4 Rxd4 28.Rxd4 cxd4 29.f3 Qh4
30.Qd2 Rd8 31.a3 b6 32.Ka2 a5 33.Rg5 Rd6 34.Rd5 Rxd5 35.exd5 Qf6 36.Kb3 g5
37.fxg5 Qxf3+ 38.Kc4 Qe4 39.Qxd4 Qxd4+ 40.Kxd4 Kf8 41.d6 Ke8 42.Kd5 Kd7 43.a4 f5
44.gxf6 gxf6 45.b3 f5 46.Ke5 f4 47.Kxf4 Kxd6 48.Ke4 Kc5 49.Kd3 Kb4 50.Kc2 b5
51.axb5 Kxb5 52.Kb2 a4 53.bxa4+ Kxa4  1/2-1/2

[Event "Sportaccord WMG Rapid"]
[Site "Beijing CHN"]
[Date "2011.12.10"]
[Round "4"]
[White "Nielsen,PH"]
[Black "Le Quang Liem"]
[Result "1/2-1/2"]
[WhiteElo "2693"]
[BlackElo "2714"]

1.d4 d5 2.c4 c6 3.Nc3 Nf6 4.e3 g6 5.Nf3 Bg7 6.Be2 O-O 7.O-O Nbd7 8.cxd5 cxd5
9.Qb3 e6 10.Bd2 a6 11.Rfc1 b6 12.Rc2 Bb7 13.Rac1 Rb8 14.Be1 Re8 15.a4 Rc8
16.Na2 Rxc2 17.Rxc2 Qa8 18.a5 b5 19.Nb4 Rc8 20.Rxc8+ Qxc8 21.Nd3 Bf8 22.Bb4 Ne4
23.Bxf8 Kxf8 24.Bf1 Ke8 25.Qd1 Qc7 26.b4 Qc3 27.Nfe1 Qd2 28.Qxd2 Nxd2 29.f3 f6
30.Kf2 Ke7 31.Nc2 e5 32.Ke1 Nc4 33.Nc5 Nxc5 34.Bxc4 Ne6 35.Be2 Kd6 36.Kd2 g5
37.Bd3 e4 38.Be2 f5 39.Na1 exf3 40.gxf3 f4 41.Nb3 fxe3+ 42.Kxe3 Nd8 43.Nc5 Bc8
44.Kd2 Nc6 45.Kc3 h6 46.Bd3 Ne7 47.Bc2 Nc6 48.Bg6 Ne7 49.Bh5 Nc6 50.Bg4 Bxg4
51.fxg4 Nb8 52.Kd3 Ke7 53.Ke3 Kf6 54.h3 Ke7 55.Kd2 Kd6 56.Kc3 Ke7 57.Kd2 Kd6
58.Kc3  1/2-1/2

[Event "Sportaccord WMG Rapid"]
[Site "Beijing CHN"]
[Date "2011.12.11"]
[Round "7"]
[White "Le Quang Liem"]
[Black "Giri,A"]
[Result "1/2-1/2"]
[WhiteElo "2714"]
[BlackElo "2714"]

1.c4 Nf6 2.Nc3 g6 3.g3 Bg7 4.Bg2 O-O 5.d4 c5 6.d5 d6 7.Nf3 e6 8.O-O exd5
9.cxd5 Re8 10.Nd2 a6 11.a4 Nbd7 12.h3 Rb8 13.Nc4 Ne5 14.Na3 Nh5 15.e4 Bd7
16.a5 b5 17.axb6 Bb5 18.Ncxb5 axb5 19.Nxb5 Qxb6 20.Na3 Qb3 21.Rb1 Qxd1 22.Rxd1 Rb3
23.Bd2 Ra8 24.g4 Nf6 25.Bc3 Rxc3 26.bxc3 Rxa3 27.f4 Nc4 28.e5 dxe5 29.d6 Ra7
30.Bc6 exf4 31.d7 Nxd7 32.Rxd7 Rxd7 33.Rb8+ Bf8 34.Bxd7 Kg7 35.Be8 Ne5 36.Rc8 Be7
37.Bc6 Kf6 38.Bd5 Kg5 39.Kg2 h5 40.gxh5 Kxh5 41.Bxf7 f3+ 42.Kf1 Nxf7 43.Rc7 Ng5
44.Rxe7 Nxh3 45.Re5+ g5 46.Rxc5 Kh4 47.Rc8 g4 48.c4 g3 49.Rg8 Ng5 50.c5 Ne4
51.Rf8 g2+ 52.Kg1 Nxc5 53.Rxf3 Ne6 54.Rf6 Ng5 55.Kxg2 Kg4 56.Ra6 Ne4 57.Ra4 Kf4
58.Rb4 Ke3 59.Rb3+ Kf4 60.Ra3 Kg4 61.Rf3 Ng5 62.Rf8 Ne4 63.Kf1 Ng3+ 64.Kf2 Nf5
65.Ra8 Kf4 66.Ra4+ Ke5 67.Kf3 Ne7 68.Re4+ Kd6 69.Ke3 Nc6 70.Rh4 Kd5 71.Rh5+ Kd6
72.Ke4 Ne7 73.Rh1 Nc6 74.Rd1+ Kc5 75.Rd7 Nb4 76.Rd4 Nc6 77.Rd5+ Kc4 78.Rh5 Nb4
79.Rh1 Kc5 80.Rc1+ Kd6 81.Rc4 Nc6 82.Rxc6+ Kxc6  1/2-1/2

[Event "Sportaccord WMG Blitz"]
[Site "Beijing CHN"]
[Date "2011.12.13"]
[Round "12"]
[White "Karjakin,Sergey"]
[Black "Le Quang Liem"]
[Result "1-0"]
[WhiteElo "2763"]
[BlackElo "2714"]

1.e4 c5 2.Nf3 d6 3.d4 cxd4 4.Nxd4 Nf6 5.Nc3 a6 6.Be3 e5 7.Nf3 Be7 8.Bc4 O-O
9.O-O Qc7 10.Bb3 Be6 11.Rc1 Rc8 12.Bg5 Nbd7 13.Bxf6 Nxf6 14.Nd5 Bxd5 15.Bxd5 Nxd5
16.Qxd5 Qc6 17.Qd3 Qc4 18.b3 Qxd3 19.cxd3 g6 20.Rfd1 f5 21.a4 b5 22.Kf1 Kf7
23.Ke2 Ke6 24.Kd2 d5 25.exf5+ gxf5 26.axb5 axb5 27.Rxc8 Bb4+ 28.Ke2 Rxc8
29.Ra1 Rc2+ 30.Kf1 Rc3 31.Ra6+ Bd6 32.Ng5+ Kd7 33.Nxh7 Rxd3 34.h4 Bc5 35.h5 Rd2
36.Nf6+ Kc7 37.h6 Kb7 38.h7 Kxa6 39.h8=Q Ka5 40.Nxd5  1-0

[Event "Sportaccord WMG Blitz"]
[Site "Beijing CHN"]
[Date "2011.12.13"]
[Round "15"]
[White "Le Quang Liem"]
[Black "Kamsky,G"]
[Result "1-0"]
[WhiteElo "2714"]
[BlackElo "2732"]

1.d4 d5 2.c4 c6 3.Nf3 Nf6 4.Qb3 a5 5.cxd5 a4 6.Qc2 cxd5 7.Nc3 Bd7 8.a3 e6
9.Bg5 Qa5 10.Bd2 Qc7 11.Rc1 Bc6 12.e3 Be7 13.Nxa4 O-O 14.Nc3 Nbd7 15.Bd3 Qb6
16.O-O h6 17.b4 Nb8 18.b5 Be8 19.a4 Bd7 20.Qb3 Rd8 21.Na2 Be8 22.Be4 dxe4
23.Ne5 Nbd7 24.Nc4 Qa7 25.a5 Rab8 26.Nb6 Nd5 27.Qb4  1-0

[Event "Gibraltar Open"]
[Site "Caleta ENG"]
[Date "2012.01.26"]
[Round "3.4"]
[White "Le Quang Liem"]
[Black "Parligras,M"]
[Result "1/2-1/2"]
[WhiteElo "2714"]
[BlackElo "2650"]

1.c4 Nf6 2.Nc3 e6 3.e4 d5 4.e5 d4 5.exf6 dxc3 6.bxc3 Qxf6 7.d4 e5 8.Nf3 exd4
9.Bg5 Qe6+ 10.Be2 Be7 11.cxd4 Bxg5 12.Nxg5 Qf6 13.Qd2 O-O 14.O-O Nc6 15.d5 Nd4
16.Bd3 Bf5 17.Rae1 Rfe8 18.Ne4 Bxe4 19.Bxe4 c5 20.Re3 Re7 21.Rfe1 Rae8 22.Bd3 g6
23.h3 b6 24.Qd1 Kg7 25.Qg4 h5 26.Qg3 h4 27.Qg4 Kg8 28.Rxe7 Rxe7 29.Re3 Kg7
30.Kh1 Kg8 31.Kh2 Rxe3 32.fxe3 Qe5+ 33.Qf4 Qxf4+ 34.exf4 Kg7 35.Kg1 f5 36.Kf2 Kf6
37.g3 hxg3+ 38.Kxg3 a6 39.a4 Ke7 40.Kf2 Kd6 41.Ke3 Ke7 42.Kd2 Nb3+ 43.Kc3 Na5
44.h4 Kf6 45.Be2 Nb7 46.Bd3 Kg7 47.Be2 Kf6  1/2-1/2

[Event "Gibraltar Open"]
[Site "Caleta ENG"]
[Date "2012.01.27"]
[Round "4.3"]
[White "Le Quang Liem"]
[Black "Felgaer,R"]
[Result "1-0"]
[WhiteElo "2714"]
[BlackElo "2571"]

1.d4 d5 2.c4 c6 3.Nc3 dxc4 4.e4 b5 5.a4 b4 6.Nb1 Ba6 7.Qc2 e5 8.Nf3 b3 9.Qc3 Qb6
10.a5 Qb7 11.Bd2 exd4 12.Qxd4 c5 13.Qd5 Nc6 14.Bxc4 Nf6 15.Qd3 Nb4 16.Bxb4 Qxb4+
17.Nbd2 Bxc4 18.Qxc4 Qxc4 19.Nxc4 Nxe4 20.O-O Be7 21.Rfe1 f5 22.Ra3 O-O 23.Rxb3 Rab8
24.Rxb8 Rxb8 25.Nfe5 Rb4 26.Rd1 Bf6 27.f3 Ng5 28.Rd7 Nf7 29.Nxf7 Rxc4 30.Rxa7 Bd4+
31.Kf1 Rc1+ 32.Ke2 c4 33.Rb7 Rc2+ 34.Kd1 Rxg2 35.Nd6 g6 36.Nxc4 Rxh2 37.a6 Rh1+
38.Ke2 Ra1 39.Rd7 Bg1 40.Rd1 Rxd1 41.Kxd1 Kf7 42.Ke2 f4 43.Kf1 Bd4 44.b4 Ke6
45.b5 Kd5 46.b6 Kc6 47.a7 Kb7 48.Na5+ Ka8 49.b7+ Kxa7 50.Nc6+ Kxb7 51.Nxd4 g5
52.Ne6 h6 53.Nd8+ Kc7 54.Nf7  1-0

[Event "Gibraltar Open"]
[Site "Caleta ENG"]
[Date "2012.01.30"]
[Round "7.6"]
[White "Le Quang Liem"]
[Black "Nabaty,T"]
[Result "1-0"]
[WhiteElo "2714"]
[BlackElo "2563"]

1.Nf3 d5 2.d4 Nf6 3.c4 e6 4.g3 Bb4+ 5.Bd2 Be7 6.Bg2 c6 7.O-O O-O 8.Qc2 Nbd7
9.Bf4 b6 10.Rd1 Ba6 11.cxd5 cxd5 12.Ne5 Rc8 13.Nc6 Qe8 14.Nxe7+ Qxe7 15.Nc3 b5
16.Qd3 Nb6 17.b3 Qb7 18.Nxb5 Ne4 19.Rdc1 Rxc1+ 20.Rxc1 Rc8 21.a4 Rxc1+ 22.Bxc1 Qc6
23.Ba3 Bxb5 24.axb5 Qc3 25.Bxe4 Qa1+ 26.Qb1 Qxa3 27.Bxh7+ Kf8 28.Bd3 Ke7
29.Kg2 Qb4 30.Qa1 Nc8 31.Qc1 Kd7 32.Qc6+ Kd8 33.Qc5  1-0

[Event "Gibraltar Open"]
[Site "Caleta ENG"]
[Date "2012.01.31"]
[Round "8.3"]
[White "Hou Yifan"]
[Black "Le Quang Liem"]
[Result "1-0"]
[WhiteElo "2605"]
[BlackElo "2714"]

1.e4 c5 2.Nf3 d6 3.d4 cxd4 4.Nxd4 Nf6 5.Nc3 a6 6.f4 e6 7.Be2 Qc7 8.O-O Be7
9.Kh1 O-O 10.a4 Nc6 11.Be3 Re8 12.Bf3 Na5 13.Bf2 Nd7 14.Qe1 b6 15.e5 Bb7
16.Bg3 dxe5 17.fxe5 Rac8 18.Rd1 Bb4 19.Qf2 Rf8 20.Ne4 Nxe5 21.Bf4 Bxe4 22.Bxe4 Bd6
23.Nf3 f5 24.Bxe5 Bxe5 25.Bd3 Bxb2 26.Rb1 Bc3 27.Ng5 Qe7 28.Qe3 Nc4 29.Bxc4 Rxc4
30.Rxb6 Bd4 31.Qd3 Rxa4 32.Rxe6 Qa3 33.Qe2 h6 34.Rxh6 gxh6 35.Qe6+ Kg7 36.Qd7+ Kg6
37.Ne6 Bc5 38.Qg7+ Kh5 39.Nxf8 Bxf8 40.Qf7+  1-0

[Event "Gibraltar Open"]
[Site "Caleta ENG"]
[Date "2012.02.01"]
[Round "9.9"]
[White "Le Quang Liem"]
[Black "Muzychuk,A"]
[Result "1-0"]
[WhiteElo "2714"]
[BlackElo "2580"]

1.d4 Nf6 2.c4 e6 3.Nf3 Bb4+ 4.Nbd2 b6 5.a3 Bxd2+ 6.Qxd2 Bb7 7.g3 a5 8.b3 d6
9.Bg2 Nbd7 10.O-O O-O 11.Bb2 Qe7 12.Rfe1 a4 13.b4 b5 14.cxb5 Nb6 15.Rac1 Rfc8
16.Qg5 Qe8 17.d5 e5 18.e4 Qxb5 19.Nh4 h6 20.Qd2 Qe8 21.Rc2 c6 22.Nf5 cxd5
23.Nxd6 Rxc2 24.Qxc2 Qc6 25.Qxc6 Bxc6 26.Rc1 Bd7 27.exd5 Nfxd5 28.Bxe5 Be6
29.Bd4 Rb8 30.Rc6  1-0

[Event "2nd HD Bank Cup 2012"]
[Site "Ho Chi Minh City VIE"]
[Date "2012.03.02"]
[Round "1.1"]
[White "Le Quang Liem"]
[Black "Legaspi,R"]
[Result "1-0"]
[WhiteElo "2698"]
[BlackElo "2273"]

1.d4 Nf6 2.c4 e6 3.Nf3 Bb4+ 4.Nbd2 O-O 5.a3 Be7 6.g3 d5 7.Bg2 dxc4 8.Nxc4 c5
9.O-O Nc6 10.dxc5 Bxc5 11.Qc2 Bd7 12.Rd1 Rc8 13.b4 Be7 14.Qb3 h6 15.Nfe5 Qe8
16.Nxd7 Nxd7 17.Be3 b5 18.Nd6 Bxd6 19.Rxd6 Nde5 20.Bc5 Kh8 21.f4 Ng6 22.Rxc6 Rxc6
23.Bxc6 Qxc6 24.Bxf8 Nxf8 25.Qe3 Nd7 26.Rc1 Qb7 27.Qf3 Qb6+ 28.Kf1 f5 29.Qc6 Qe3
30.Rd1  1-0

[Event "2nd HD Bank Cup 2012"]
[Site "Ho Chi Minh City VIE"]
[Date "2012.03.02"]
[Round "2.1"]
[White "Senador,E"]
[Black "Le Quang Liem"]
[Result "0-1"]
[WhiteElo "2357"]
[BlackElo "2698"]

1.e4 c5 2.d4 cxd4 3.c3 dxc3 4.Nxc3 Nc6 5.Nf3 d6 6.Bc4 a6 7.O-O Nf6 8.Qe2 Bg4
9.Rd1 e6 10.Bf4 Qb8 11.h3 Bxf3 12.gxf3 Be7 13.Kh1 O-O 14.Rg1 Ne5 15.Bb3 b5
16.Bh2 b4 17.Na4 Qb5 18.Qe3 Rac8 19.Rad1 Rfd8 20.Rg5 Ne8 21.Rg2 Bf6 22.f4 Nc4
23.Qf3 Na5 24.f5 Nxb3 25.axb3 exf5 26.Rd5 fxe4 27.Qxe4 Qc6 28.f3 Nc7 29.Rd1 Nb5
30.Rgd2 h6 31.Kg2 Bg5 32.Qxc6 Rxc6 33.f4 Bf6 34.Bg1 Rb8 35.Kf3 Kf8 36.Bf2 Be7
37.Re2 Nc7 38.Rde1 Bf6 39.Rd1 Rb5 40.Rdd2 Ne6 41.Be3 Rh5 42.Kg4 Rh4+ 43.Kg3 g5
44.fxg5 hxg5 45.Rc2 Rxc2 46.Rxc2 Kg7 47.Kg2 Bd4 48.Bd2 Nf4+ 49.Bxf4 Rxf4
50.Rc4  0-1

[Event "2nd HD Bank Cup 2012"]
[Site "Ho Chi Minh City VIE"]
[Date "2012.03.04"]
[Round "4.3"]
[White "Vo Thanh Ninh"]
[Black "Le Quang Liem"]
[Result "0-1"]
[WhiteElo "2340"]
[BlackElo "2698"]

1.c4 Nf6 2.g3 e6 3.Bg2 d5 4.Nf3 dxc4 5.Qa4+ c6 6.Qxc4 b5 7.Qc2 Bb7 8.O-O Nbd7
9.Nc3 Rc8 10.d3 Be7 11.Bf4 a6 12.Rac1 O-O 13.Ne5 Nxe5 14.Bxe5 Ng4 15.Bf4 e5
16.Bd2 f5 17.Nd1 Qd7 18.Ne3 Nf6 19.Bb4 Bxb4 20.Qb3+ Rf7 21.Qxb4 f4 22.Nd1 Qg4
23.Re1 fxg3 24.Qxg4 gxh2+ 25.Kh1 Nxg4 26.Bh3 c5+ 27.f3 h5 28.Kg2 Rcf8 29.Rxc5 Rxf3
30.exf3 Bxf3+ 31.Kg3 h1=Q 32.Rxh1 Bxh1 33.Bxg4 hxg4 34.Rxe5 Rf3+ 35.Kxg4 Rxd3
36.Nf2 Rd4+ 37.Kg3 Bd5 38.a3 Kf7 39.Re3 a5 40.b3 b4 41.axb4 Rxb4 42.Re5 Rxb3+
43.Kg4 Rb5 44.Ne4 Be6+ 45.Kf4 Rxe5 46.Kxe5 Ke7 47.Nc5 Bd7 48.Kd5 Be8 49.Ne4 a4
50.Kc4 Ke6 51.Kb4 Ke5 52.Ng5 Kf5 53.Nh7 Bg6 54.Nf8 Bf7 55.Kxa4 g5 56.Kb4 g4
57.Nd7 g3  0-1

[Event "2nd HD Bank Cup 2012"]
[Site "Ho Chi Minh City VIE"]
[Date "2012.03.06"]
[Round "7.2"]
[White "Gomez,Joh"]
[Black "Le Quang Liem"]
[Result "0-1"]
[WhiteElo "2512"]
[BlackElo "2698"]

1.d4 Nf6 2.c4 g6 3.Nc3 d5 4.Bg5 Ne4 5.Bf4 Nxc3 6.bxc3 Bg7 7.e3 c5 8.Nf3 Nc6
9.cxd5 Qxd5 10.Be2 cxd4 11.cxd4 O-O 12.O-O Bf5 13.Qa4 Qa5 14.Qb3 Qb4 15.Bc4 a6
16.Bc7 Rac8 17.Bb6 Bc2 18.Qxc2 Qxb6 19.Rab1 Qc7 20.Bd5 Qd7 21.Qe4 e6 22.Bb3 Na5
23.h4 Rc3 24.h5 Nxb3 25.Rxb3 Rxb3 26.axb3 Rc8 27.hxg6 hxg6 28.Qf4 Rc3 29.e4 Qc7
30.Qd2 e5 31.dxe5 Bxe5 32.Rd1 Bf6 33.b4 Kg7 34.Qe1 Be7 35.Qd2 Rc4 36.b5 Rxe4
37.bxa6 bxa6 38.Rb1 a5 39.g3 a4 40.Qd5 Qc4 41.Qa8 Qd3 42.Rb8 Qxf3 43.Rg8+ Kh6
44.Rh8+ Kg5 45.Qd5+ Kg4 46.Qd7+ f5 47.Qd2 Bg5  0-1

[Event "2nd HD Bank Cup 2012"]
[Site "Ho Chi Minh City VIE"]
[Date "2012.03.06"]
[Round "8.2"]
[White "Le Quang Liem"]
[Black "Paragua,M"]
[Result "1/2-1/2"]
[WhiteElo "2698"]
[BlackElo "2519"]

1.d4 d5 2.c4 c6 3.Nf3 Nf6 4.e3 Bg4 5.Nc3 e6 6.Qb3 Qb6 7.Nh4 Bh5 8.h3 g5 9.Nf3 h6
10.Bd3 Rg8 11.Bd2 Nbd7 12.Qc2 Bg6 13.e4 dxe4 14.Nxe4 Bxe4 15.Bxe4 Nxe4 16.Qxe4 Bb4
17.Rd1 O-O-O 18.O-O Bxd2 19.Rxd2 h5 20.Qe3 g4 21.Ng5 gxh3 22.Nxh3 Nf6 23.Qf4 Rg6
24.f3 Qa5 25.b3 Rdg8 26.Rff2 Qc3 27.Rc2 Qe1+ 28.Rf1 Qg3 29.Qxg3 Rxg3 30.Kh2 R3g6
31.Re1 Nd7 32.Re4 Rf6 33.Rh4 Rf5 34.Re2 c5 35.dxc5 Nxc5 36.Nf4 Nd7 37.Nd3 Nf8
38.Re5 Ng6 39.Rxf5 Nxh4 40.Rxf7 Nxg2 41.Nc5 Ne1 42.Nxe6 Re8 43.Nd4 Rd8 44.Ne6 Re8
45.Nc5 b6 46.Na4 Kb8 47.Kg3 Re2 48.f4 Rxa2 49.f5 Rg2+ 50.Kf4 Rg4+ 51.Ke5 Nf3+
52.Kf6 h4 53.Rh7 Ng5 54.Rh8+ Kb7 55.Nc3 h3 56.Nd5 a5 57.Ne3 Rg3 58.Nf1 Rg1
59.Nh2 Kc6 60.Rh5 Ne4+ 61.Ke5 Re1 62.Kf4 Nd6 63.f6 Re4+ 64.Kf3 Re8 65.Ng4 Kd7
66.Rxh3 a4 67.bxa4 Nxc4 68.Kf4 Nd6 69.Rd3 Re4+ 70.Kg5 Ke6 71.Nh6 Rxa4 72.Kg6 Rf4
73.Re3+ Kd5 74.Rd3+ Ke6 75.Re3+ Kd5 76.f7 b5 77.Rd3+ Ke6 78.Re3+ Kd5  1/2-1/2

[Event "Asian Continental 2012"]
[Site "Ho Chi Minh City VIE"]
[Date "2012.05.06"]
[Round "2.25"]
[White "Le Quang Long"]
[Black "Le Quang Liem"]
[Result "0-1"]
[WhiteElo "2351"]
[BlackElo "2703"]

1.e4 e5 2.Nf3 Nc6 3.Bb5 a6 4.Ba4 Nf6 5.d3 b5 6.Bb3 Be7 7.O-O O-O 8.a4 b4
9.Nbd2 d6 10.h3 Na5 11.Ba2 c5 12.c3 Rb8 13.Nc4 Nc6 14.Ne3 h6 15.Re1 Re8 16.g4 Nh7
17.Bd5 Bd7 18.Nf5 Bf8 19.Kh2 Ne7 20.Bc4 Nxf5 21.gxf5 Nf6 22.Rg1 d5 23.exd5 Bxf5
24.Nh4 Bh7 25.Bxh6 e4 26.Qd2 Nh5 27.Bg5 Qd6+ 28.Kh1 exd3 29.Rae1 bxc3 30.bxc3 Qd7
31.Rg4 Rb2 32.Qd1 Rb1 33.Qxb1 d2 34.Rxe8 Bxb1 35.Rxf8+ Kxf8 36.Bxd2 Nf6 37.Rf4 Qxh3+
38.Kg1 Bd3 39.Bxd3 Qxd3 40.Be3 Qxc3 41.Nf5 Nxd5 42.Rh4 Ke8 43.Rc4 Qe1+ 44.Kg2 Nxe3+
45.Nxe3 Qa5 46.Nf5 Kf8 47.Ng3 Qb6 48.Ne4 Qe6  0-1

[Event "Asian Continental 2012"]
[Site "Ho Chi Minh City VIE"]
[Date "2012.05.07"]
[Round "3.15"]
[White "Le Quang Liem"]
[Black "Ma Qun"]
[Result "1-0"]
[WhiteElo "2703"]
[BlackElo "2481"]

1.d4 d5 2.c4 c6 3.Nc3 Nf6 4.e3 g6 5.Nf3 Bg7 6.h3 O-O 7.Bd3 a6 8.O-O dxc4
9.Bxc4 b5 10.Bb3 c5 11.dxc5 Nbd7 12.Bd5 Ra7 13.Nd4 Nxd5 14.Nxd5 Ne5 15.Nb6 Bb7
16.Qc2 Nc6 17.Nxc6 Bxc6 18.Bd2 e6 19.f4 Qc7 20.Bc3 Be4 21.Qxe4 Bxc3 22.Rad1 Qxc5
23.Nd7 Rxd7 24.Rxd7 Bxb2 25.Rfd1 Bf6 26.Kh2 a5 27.Rb7 b4 28.Rdd7 Bc3 29.Qd3 Qc6
30.Rbc7 Qb6 31.Ra7 Bf6 32.Rdc7 a4 33.Rcb7 Qc5 34.Rxa4 Rd8 35.Qe4 Qc1 36.Raxb4 Rd2
37.Rb1 Qc3 38.Rb8+ Kg7 39.Ra8 Qc5 40.Rb7 Bh4 41.Raa7  1-0

[Event "Asian Continental 2012"]
[Site "Ho Chi Minh City VIE"]
[Date "2012.05.08"]
[Round "4.5"]
[White "Nguyen Van Huy"]
[Black "Le Quang Liem"]
[Result "0-1"]
[WhiteElo "2502"]
[BlackElo "2703"]

1.d4 Nf6 2.Nf3 e6 3.g3 d5 4.Bg2 b5 5.O-O Nbd7 6.Bg5 Be7 7.Nbd2 c5 8.dxc5 Nxc5
9.Nd4 Bd7 10.c3 O-O 11.Bxf6 Bxf6 12.e4 Nxe4 13.Nxe4 dxe4 14.Bxe4 Rb8 15.Qd3 h6
16.Rad1 Qc7 17.a3 Rfc8 18.Qf3 a5 19.Rd3 Be8 20.Rfd1 b4 21.axb4 axb4 22.cxb4 Rxb4
23.Rc3 Qb8 24.Nc6 Bxc6 25.Rxc6 Rxc6 26.Bxc6 Rxb2 27.Ra1 Rxf2 28.Ra8 Qxa8
29.Bxa8 Rxf3 30.Bxf3 Bd4+ 31.Kg2 g6 32.Bd1 f5 33.h4 h5 34.Ba4 Kf7 35.Kf3 Bb6
36.Bb5 Ba5 37.Bc6 Be1 38.Kf4 e5+ 39.Kf3 g5 40.hxg5 Kg6 41.Kg2 Kxg5 42.Kh3 h4
43.gxh4+ Bxh4 44.Kg2 e4 45.Kf1 Kf6 46.Ke2 Ke5 47.Be8 f4 48.Bh5 Bd8 49.Bg4 Bb6
50.Bh5  0-1

[Event "TCh-FRA Top 12 2012"]
[Site "Belfort FRA"]
[Date "2012.05.31"]
[Round "1.1"]
[White "Nanu,C"]
[Black "Le Quang Liem"]
[Result "1/2-1/2"]
[WhiteElo "2520"]
[BlackElo "2703"]

1.Nf3 Nf6 2.c4 e6 3.d4 b6 4.g3 Ba6 5.b3 b5 6.cxb5 Bxb5 7.Nc3 Ba6 8.Bb2 Bb7
9.Bg2 d5 10.O-O Nbd7 11.Rc1 Be7 12.Na4 O-O 13.Rc2 a5 14.Qc1 Ba6 15.Rd1 Bb5
16.Nc3 Ba6 17.Na4 Qb8 18.Ne5 Bd6 19.Nc6 Qe8 20.e3 Bb5 21.Bf1 Bxf1 22.Rxf1 Nb6
23.Nxb6 cxb6 24.Ba3 Qd7 25.Ne5 Qe7 26.Bxd6 Qxd6 27.Rc6 Qb4 28.Rc7 Ne8 29.Rd7 Nf6
30.Rb7 a4 31.Qc7 Rac8 32.Qxb6 Qxb6 33.Rxb6 Rc2 34.Ra6 axb3 35.axb3 Ne4 36.b4 Rb2
37.Rb6 h6 38.h4 Ra8 39.h5 Ng5 40.b5 Raa2 41.Ra6 Rxa6 42.bxa6 Ra2 43.Rb1 Kh7
44.f4 Ne4 45.g4 Nd6 46.Rb6 Nc4 47.Rc6 Nxe3 48.Nf3 Ra1+ 49.Kf2 Nxg4+  1/2-1/2

[Event "TCh-FRA Top 12 2012"]
[Site "Belfort FRA"]
[Date "2012.06.03"]
[Round "4.1"]
[White "Le Quang Liem"]
[Black "Navara,D"]
[Result "1-0"]
[WhiteElo "2703"]
[BlackElo "2706"]

1.Nf3 Nf6 2.c4 g6 3.Nc3 d5 4.cxd5 Nxd5 5.Qb3 Nb6 6.d4 Bg7 7.Bf4 Be6 8.Qa3 c5
9.Qxc5 Nc6 10.e3 Rc8 11.Qa3 O-O 12.Be2 Nc4 13.Qa4 Nxb2 14.Qb5 Nc4 15.O-O Qa5
16.Rfc1 Na3 17.Qxb7 Nb4 18.Ne1 Bf5 19.g4 Nac2 20.Nxc2 Bxc2 21.Nb5 Nxa2 22.Nxa7 Qd2
23.Re1 Rce8 24.Qb2 Nc3 25.Bf3 e5 26.Bxe5 Rxe5 27.dxe5 Bxe5 28.Nc6 Rb8 29.Qc1 Bxh2+
30.Kg2  1-0

[Event "TCh-FRA Top 12 2012"]
[Site "Belfort FRA"]
[Date "2012.06.10"]
[Round "11.2"]
[White "Brochet,P"]
[Black "Le Quang Liem"]
[Result "0-1"]
[WhiteElo "2383"]
[BlackElo "2703"]

1.e4 c5 2.Ne2 Nc6 3.d4 cxd4 4.Nxd4 Qb6 5.Nb3 Nf6 6.Bd3 e6 7.Nc3 a6 8.Be3 Qc7
9.g4 d6 10.g5 Nd7 11.f4 b5 12.Qh5 g6 13.Qe2 Bg7 14.O-O-O b4 15.Na4 Nd8 16.Nd2 Bb7
17.Nc4 O-O 18.h4 d5 19.Nd2 Bc6 20.Nc5 d4 21.Nxd7 dxe3 22.Nxf8 exd2+ 23.Qxd2 Bxf8
24.h5 Nb7 25.hxg6 fxg6 26.Rh4 Rd8 27.Rdh1 Bxe4 28.Rxh7 Rxd3 29.Rh8+ Kf7 30.R1h7+ Bg7
31.Rxg7+ Kxg7 32.Qh2 Rd1+ 33.Kxd1 Qxc2+ 34.Qxc2 Bxc2+ 35.Kxc2 Kxh8 36.Kb3 Kg7
37.Kxb4 Kf7 38.Kc4 Ke7 39.b4 Kd6 40.a4 Nd8 41.b5 a5 42.b6 Nb7 43.Kb5 Kd5
44.Ka6 Kc6 45.Ka7 Nc5  0-1

[Event "40th Olympiad Open"]
[Site "Istanbul TUR"]
[Date "2012.08.29"]
[Round "2.28"]
[White "Le Quang Liem"]
[Black "Kurajica,B"]
[Result "1-0"]
[WhiteElo "2693"]
[BlackElo "2551"]

1.c4 e6 2.Nc3 Bb4 3.Qb3 Qe7 4.Nb5 Na6 5.a3 Ba5 6.Qg3 Qf6 7.e4 c5 8.e5 Qg6
9.Nd6+ Ke7 10.Bd3 Qxg3 11.hxg3 Bc7 12.Rxh7 Rxh7 13.Bxh7 Nh6 14.Nxc8+ Rxc8
15.Be4 Rb8 16.f4 Nf5 17.Ne2 d6 18.b4 cxb4 19.axb4 dxe5 20.Ba3 Kf6 21.g4 Rh8
22.O-O-O Nd6 23.g5+ Ke7 24.b5 exf4 25.bxa6 bxa6 26.Kc2 Rh5 27.Rb1 Rxg5 28.Rb7 Kd7
29.Bxd6 Kxd6 30.d4 Ra5 31.Nxf4 g5 32.Nh5 f5 33.c5+ Kd7 34.Nf6+ Kd8 35.Bc6 Ra2+
36.Kb3 Rd2 37.Kc4 Rc2+ 38.Kd3 Rc1 39.Rxa7 Rd1+ 40.Kc4 Rc1+ 41.Kb3 Rd1 42.d5 Rc1
43.d6 Bxd6 44.Rd7+ Kc8 45.Bb7+  1-0

[Event "40th Olympiad Open"]
[Site "Istanbul TUR"]
[Date "2012.08.30"]
[Round "3.35"]
[White "Pace,C"]
[Black "Le Quang Liem"]
[Result "0-1"]
[WhiteElo "2136"]
[BlackElo "2693"]

1.e4 c5 2.Nf3 Nc6 3.d4 cxd4 4.Nxd4 Qb6 5.Nb3 Nf6 6.Nc3 e6 7.a3 Be7 8.Be2 O-O
9.O-O a6 10.Be3 Qc7 11.f4 d6 12.Qe1 Re8 13.Kh1 b5 14.Bd3 Nd7 15.Nd4 Bb7 16.Qf2 Bf6
17.Rad1 Rac8 18.Rd2 b4 19.axb4 Nxb4 20.Qg3 Rcd8 21.Re1 Nc5 22.Bg1 g6 23.Nde2 Bg7
24.Rdd1 e5 25.fxe5 Bxe5 26.Qh4 d5 27.exd5 Ncxd3 28.cxd3 Nxd5 29.Qc4 Nf6 30.Qxc7 Bxc7
31.Nd4 Ng4 32.Rxe8+ Rxe8 33.Rd2 Re1 34.Re2 Rf1 35.h3 Ne5 36.Rd2 Bb6 37.Nce2 Kf8
38.Kh2 Rxg1 39.Kxg1 Nc6 40.Kf1 Nxd4 41.Nxd4 Bxd4 42.Rc2 Be5 43.Rc4 Ke7 44.Rb4 Bc6
45.Kf2 Kd6 46.g4 a5 47.Rb8 Kc5  0-1

[Event "TCh-CHN 2012"]
[Site "Hangzhou CHN"]
[Date "2012.09.23"]
[Round "12"]
[White "Le Quang Liem"]
[Black "Liu Qingnan"]
[Result "1/2-1/2"]
[WhiteElo "2698"]
[BlackElo "2461"]

1.c4 g6 2.d4 Bg7 3.e4 d6 4.Nc3 Nf6 5.Be2 O-O 6.Bg5 c5 7.d5 h6 8.Be3 e6 9.Nf3 exd5
10.exd5 Ng4 11.Bd2 f5 12.O-O f4 13.g3 fxg3 14.hxg3 Nd7 15.Nh4 g5 16.Bxg4 gxh4
17.Be6+ Kh8 18.Qh5 Qe8 19.Qxe8 Rxe8 20.Nb5 Ne5 21.Bc3 Bxe6 22.dxe6 Rad8 23.f4 Nxc4
24.Rae1 d5 25.Nc7 Re7 26.Nxd5 Rxd5 27.f5 Bxc3 28.bxc3 Rg7 29.e7 Rxg3+ 30.Kh1 Rh3+
31.Kg2 Rg3+ 32.Kh1 Rh3+ 33.Kg2 Rg3+  1/2-1/2

[Event "Aeroflot Open Rapid KO"]
[Site "Moscow RUS"]
[Date "2013.02.15"]
[Round "1.2"]
[White "Le Quang Liem"]
[Black "Reshetnikov,Al"]
[Result "1/2-1/2"]
[WhiteElo "2705"]
[BlackElo "2508"]

1.Nf3 c5 2.c4 Nc6 3.Nc3 g6 4.e3 Nf6 5.d4 cxd4 6.exd4 d5 7.cxd5 Nxd5 8.Qb3 Nxc3
9.bxc3 Bg7 10.Be2 O-O 11.O-O Na5 12.Qb4 Nc6 13.Qa3 Qa5 14.Rb1 Rd8 15.Re1 Qxa3
16.Bxa3 e6 17.Ng5 b6 18.Ne4 Bf8 19.Bxf8 Kxf8 20.Bf3 Bb7 21.Nc5 bxc5 22.Rxb7 Rac8
23.dxc5 Ne7 24.Rb5 Rd2 25.Ra5 Rc2 26.h3 Rxc3 27.Rxa7 R8xc5 28.a4 Nd5 29.Ra1 Rc1+
30.Rxc1 Rxc1+ 31.Kh2 Kg7 32.Kg3 Kf6 33.h4 Kf5 34.Ra6  1/2-1/2